[Event "POL-ch U18 rapid"]
[Site "Wroclaw"]
[Date "2017.08.07"]
[Round "8"]
[White "Walter, Szymon"]
[Black "Choina, Michal"]
[Result "1-0"]
[WhiteElo "2078"]
[BlackElo "1878"]
[PlyCount "87"]
[EventDate "2017.08.06"]
[EventType "swiss (rapid)"]
[EventRounds "11"]
[EventCountry "POL"]
[SourceTitle "CBM 180 Extra"]
[Source "ChessBase"]
[SourceDate "2017.10.06"]
[SourceVersion "1"]
[SourceVersionDate "2017.10.06"]
[SourceQuality "1"]

1. e4 c5 2. Nc3 e6 3. f4 d5 4. Nf3 Nc6 5. Bb5 a6 6. Bxc6+ bxc6 7. d3 g6 8. 0-0 Bg7 9. e5 Ne7 10. Na4 Qa5 11. c4 Rb8 12. b3 Nf5 13. Bd2 Qc7 14. Qe1 Qa7 15. Qf2 d4 16. Ng5 Bf8 17. Ne4 Be7 18. g4 Ng7 19. Nf6+ Kf8 20. Ne4 h5 21. h3 Ne8 22. Bc1 hxg4 23. hxg4 f5 24. exf6 Nxf6 25. Qg2 Bd7 26. Ba3 Nxe4 27. Qxe4 Kf7 28. Kg2 Rh4 29. Qf3 Rbh8 30. Rh1 Bd6 31. Rxh4 Rxh4 32. Rh1 Rxh1 33. Kxh1 Qc7 34. Qh3 Bf8 35. Qh2 Qa5 36. Qe2 Bd6 37. Qf2 Kg7 38. Kg2 Bc8 39. Kf1 Qc7 40. Bxc5 Bxf4 41. Bb6 Qd6 42. Bc5 Qc7 43. Bxd4+ e5 44. Qxf4 1-0

[Event "POL-ch U16"]
[Site "Szklarska Poreba"]
[Date "2016.03.17"]
[Round "6"]
[White "Janik, Igor"]
[Black "Choina, Michal"]
[Result "1-0"]
[WhiteElo "2305"]
[BlackElo "1792"]
[PlyCount "105"]
[EventDate "2016.03.13"]
[EventType "swiss"]
[EventRounds "9"]
[EventCountry "POL"]
[SourceTitle "EXT 2018"]
[Source "ChessBase"]
[SourceDate "2017.10.13"]
[SourceVersion "1"]
[SourceVersionDate "2017.10.13"]
[SourceQuality "1"]

1. e4 c5 2. Nf3 e6 3. d4 cxd4 4. Nxd4 a6 5. c4 Nf6 6. Nc3 d6 7. Be2 Be7 8. 0-0 0-0 9. Be3 Nbd7 10. Qd2 Qc7 11. f3 Ne5 12. Rfc1 Bd7 13. b3 Rfc8 14. Bf1 h6 15. h3 Bf8 16. f4 Ng6 17. Qf2 e5 18. Nde2 exf4 19. Nxf4 Nxf4 20. Bxf4 Be7 21. Bd3 Qc5 22. Be3 Qe5 23. Bd4 Qg5 24. Qf3 b5 25. Rf1 Rf8 26. Rae1 Bc6 27. Nd5 Bxd5 28. exd5 Bd8 29. Qf2 bxc4 30. bxc4 Nd7 31. Re4 Bf6 32. Be3 Qh5 33. Be2 Qg6 34. Rg4 Qh7 35. Bd1 h5 36. Bc2 g6 37. Re4 Be5 38. c5 f5 39. Rc4 Nxc5 40. Bxc5 dxc5 41. Qxc5 Rfc8 42. Qxc8+ Rxc8 43. Rxc8+ Kg7 44. Re8 Bd6 45. Re6 Bc5+ 46. Kh1 Qg8 47. Rd1 Bb4 48. Bb3 Qf8 49. d6 Ba5 50. d7 Bd8 51. Rdd6 f4 52. Rxg6+ Kh7 53. Bc2 1-0

[Event "POL-ch U16"]
[Site "Szklarska Poreba"]
[Date "2016.03.15"]
[Round "3"]
[White "Lukasiewicz, Krzysztof"]
[Black "Choina, Michal"]
[Result "0-1"]
[WhiteElo "2114"]
[BlackElo "1792"]
[PlyCount "120"]
[EventDate "2016.03.13"]
[EventType "swiss"]
[EventRounds "9"]
[EventCountry "POL"]
[SourceTitle "EXT 2018"]
[Source "ChessBase"]
[SourceDate "2017.10.13"]
[SourceVersion "1"]
[SourceVersionDate "2017.10.13"]
[SourceQuality "1"]

1. e4 c5 2. Nf3 e6 3. d4 cxd4 4. Nxd4 a6 5. Nc3 Qc7 6. g3 b6 7. Bg2 Bb7 8. 0-0 Nf6 9. Re1 d6 10. Nd5 exd5 11. exd5+ Kd8 12. Bg5 Nbd7 13. Qe2 Qc8 14. Nc6+ Kc7 15. Bh3 a5 16. b4 axb4 17. Bxf6 gxf6 18. Qc4 Bxc6 19. Qxc6+ Kd8 20. Bxd7 Qxc6 21. Bxc6 Ra3 22. Re8+ Kc7 23. Re4 f5 24. Rxb4 Bg7 25. Re1 Be5 26. Reb1 Rb8 27. Rh4 Rxa2 28. Rxh7 Rf8 29. Rb4 Rxc2 30. Ra4 Rc1+ 31. Kg2 Ra1 32. Rc4 Ra5 33. Be8+ Rc5 34. Rxc5+ dxc5 35. Bxf7 Rh8 36. Rxh8 Bxh8 37. Be6 Kd6 38. Kf3 b5 39. Ke2 c4 40. Bxf5 Kxd5 41. Kd2 b4 42. Kc1 b3 43. Bg6 Kc5 44. Bh5 Bd4 45. f4 Bg1 46. h3 Bh2 47. f5 Bxg3 48. f6 Bf4+ 49. Kb1 c3 50. Bd1 Kb4 51. h4 Bh6 52. h5 Ka3 53. f7 Kb4 54. Ka1 Ka3 55. Kb1 Ka4 56. f8Q Bxf8 57. h6 Bxh6 58. Ka1 c2 59. Bxc2 bxc2 60. Ka2 Kb4 0-1

[Event "POL-chT3 Swietokrzyskie"]
[Site "Poland"]
[Date "2015.03.28"]
[Round "1.6"]
[White "Detka, Wojciech"]
[Black "Choina, Michal"]
[Result "1/2-1/2"]
[WhiteElo "1565"]
[BlackElo "1678"]
[PlyCount "123"]
[EventDate "2015.03.28"]
[EventType "team-swiss"]
[EventRounds "9"]
[EventCountry "POL"]
[SourceTitle "EXT 2019"]
[Source "ChessBase"]
[SourceDate "2018.10.10"]
[SourceVersion "1"]
[SourceVersionDate "2018.10.10"]
[SourceQuality "1"]

1. d4 Nf6 2. Nf3 d5 3. g3 Bf5 4. Bg2 Nc6 5. 0-0 e6 6. a3 Bd6 7. Nc3 a6 8. Re1 h6 9. Nh4 Bh7 10. e4 dxe4 11. Nxe4 Nxe4 12. Bxe4 Bxe4 13. Rxe4 0-0 14. c3 Ne7 15. Qh5 Nd5 16. Re1 b5 17. Bd2 Re8 18. Qg4 Nf6 19. Qf3 Nh7 20. Re2 Be7 21. Ng2 Bg5 22. Bf4 Bxf4 23. Nxf4 Qd6 24. Rae1 c6 25. h4 Nf6 26. Nd3 Qd5 27. Qe3 Nd7 28. Nb4 Qd6 29. Nd3 a5 30. Qf3 Nf6 31. Ne5 Rec8 32. Nd3 Qd5 33. Qe3 Nd7 34. Nf4 Qd6 35. Nd3 c5 36. dxc5 Nxc5 37. Nxc5 Qxc5 38. Qf3 Rd8 39. Rd2 Rxd2 40. Qxa8+ Kh7 41. Qe4+ g6 42. Qf4 Rd7 43. Qf3 Qd5 44. Kg2 Kg7 45. Qxd5 Rxd5 46. Kf3 Kf6 47. Re4 Rd2 48. Re2 Rxe2 49. Kxe2 Ke5 50. Kd3 Kd5 51. b3 e5 52. f3 f5 53. g4 fxg4 54. c4+ bxc4+ 55. bxc4+ Kc5 56. fxg4 g5 57. hxg5 hxg5 58. Ke4 Kxc4 59. Kxe5 Kb3 60. Kf5 Kxa3 61. Kxg5 Kb4 62. Kh6 1/2-1/2

[Event "POL-ch U16"]
[Site "Karpacz"]
[Date "2015.03.19"]
[Round "6"]
[White "Choina, Michal"]
[Black "Klementowski, Dawid"]
[Result "0-1"]
[WhiteElo "1678"]
[BlackElo "1805"]
[PlyCount "82"]
[EventDate "2015.03.15"]
[EventType "swiss"]
[EventRounds "9"]
[EventCountry "POL"]
[SourceTitle "EXT 2017"]
[Source "ChessBase"]
[SourceDate "2016.10.25"]
[SourceVersion "1"]
[SourceVersionDate "2016.10.25"]
[SourceQuality "1"]

1. c4 c5 2. Nc3 Nc6 3. g3 g6 4. Bg2 Bg7 5. d3 e6 6. e4 Nge7 7. Nge2 d6 8. 0-0 0-0 9. Rb1 Rb8 10. a3 a5 11. Be3 e5 12. Qd2 f5 13. f3 Be6 14. Bh6 Qd7 15. Bxg7 Kxg7 16. Nd5 b5 17. b3 b4 18. a4 Bxd5 19. cxd5 Nd4 20. Nxd4 cxd4 21. Rbc1 Rbc8 22. Rc4 Rxc4 23. dxc4 fxe4 24. fxe4 Rxf1+ 25. Kxf1 Ng8 26. Qc2 Qc8 27. Bf3 Nf6 28. Kg2 Qc7 29. h4 Nd7 30. Bd1 Nc5 31. Qe2 Qd7 32. g4 h6 33. Qf3 Qd8 34. Kg3 Qe7 35. Kh3 g5 36. h5 Qf6 37. Kg3 Qf4+ 38. Kg2 Nxe4 39. Qxf4 gxf4 40. Bc2 Nc5 41. Kf3 Kf6 0-1

[Event "POL-ch U16"]
[Site "Karpacz"]
[Date "2015.03.17"]
[Round "3"]
[White "Choina, Michal"]
[Black "Bilczewski, Kacper"]
[Result "0-1"]
[WhiteElo "1678"]
[BlackElo "1890"]
[PlyCount "89"]
[EventDate "2015.03.15"]
[EventType "swiss"]
[EventRounds "9"]
[EventCountry "POL"]
[SourceTitle "EXT 2017"]
[Source "ChessBase"]
[SourceDate "2016.10.25"]
[SourceVersion "1"]
[SourceVersionDate "2016.10.25"]
[SourceQuality "1"]

1. e4 c6 2. d4 g6 3. h4 d5 4. e5 Bg7 5. h5 Qa5+ 6. c3 Nh6 7. a4 c5 8. dxc5 Qxc5 9. b4 Qc7 10. Qxd5 Be6 11. Bb5+ Nc6 12. Bxc6+ bxc6 13. Qd3 Qxe5+ 14. Qe2 Ng4 15. Qxe5 Nxe5 16. Be3 Nd3+ 17. Kf1 Nxb4 18. a5 Nc2 19. Ra4 Rb8 20. Nd2 Nxe3+ 21. fxe3 Bxc3 22. Ne4 Bg7 23. Nc5 Bd5 24. Na6 Rb1+ 25. Kf2 0-0 26. Rb4 Rxb4 27. Nxb4 Bc3 28. Nxd5 cxd5 29. a6 Rb8 30. h6 Rb1 31. Rh3 Ra1 32. Ne2 Be5 33. Rh4 Rxa6 34. Rb4 f5 35. Rb5 Rd6 36. Rb7 Kf7 37. Rxa7 g5 38. Ra5 Kg6 39. Nd4 Bxd4 40. exd4 Kxh6 41. Ra7 e6 42. g3 Kg6 43. Ra8 Kh5 44. Kf3 Rb6 45. Ra3 0-1

[Event "POL Olympiad U14"]
[Site "Spala"]
[Date "2014.12.30"]
[Round "1.4"]
[White "Koziol, Kamil"]
[Black "Choina, Michal"]
[Result "1-0"]
[WhiteElo "2005"]
[BlackElo "1627"]
[PlyCount "77"]
[EventDate "2014.04.06"]
[EventType "swiss"]
[EventRounds "9"]
[EventCountry "POL"]
[SourceTitle "EXT 2023"]
[Source "ChessBase"]
[SourceDate "2022.10.05"]
[SourceVersion "1"]
[SourceVersionDate "2022.10.05"]
[SourceQuality "1"]

1. e4 c6 2. d4 d5 3. Nc3 dxe4 4. Nxe4 Bf5 5. Ng3 Bg6 6. Nh3 e6 7. Nf4 Bd6 8. Ngh5 Bxf4 9. Nxf4 Ne7 10. c3 Nd7 11. Nxg6 Nxg6 12. g3 Nf6 13. Bg2 Qd7 14. Bg5 Nd5 15. 0-0 h6 16. Be3 0-0 17. c4 Nf6 18. Qb3 Ne7 19. Rad1 Rfd8 20. Bd2 Rac8 21. Bc3 Qc7 22. Rfe1 Ng6 23. d5 cxd5 24. Bxf6 gxf6 25. cxd5 e5 26. Bh3 Rb8 27. Qa3 b5 28. d6 Qb6 29. Qd3 a6 30. Re2 Rb7 31. Rc2 Kg7 32. Rc8 Nf8 33. Qd5 Ra7 34. Rxd8 Qxd8 35. d7 Rc7 36. Qd6 Ra7 37. Qc6 Ne6 38. Bxe6 fxe6 39. Qc8 1-0

[Event "POL-chT U19 44th"]
[Site "Karpacz"]
[Date "2013.07.26"]
[Round "5"]
[White "Nowak, Kamil"]
[Black "Choina, Michal"]
[Result "1-0"]
[WhiteElo "1786"]
[BlackElo "1577"]
[PlyCount "65"]
[EventDate "2013.07.22"]
[EventType "team-tourn"]
[EventRounds "9"]
[EventCountry "POL"]
[SourceTitle "EXT 2014"]
[Source "ChessBase"]
[SourceDate "2013.11.20"]
[SourceVersion "1"]
[SourceVersionDate "2013.11.20"]
[SourceQuality "1"]
[WhiteTeam "Wroclaw KS Polonia U19"]
[BlackTeam "Tomaszow Lubelski UKS GIM Dwojka U19"]
[WhiteTeamCountry "POL"]
[BlackTeamCountry "POL"]

1. e4 c5 2. Nf3 d6 3. d4 cxd4 4. Nxd4 Nf6 5. Nc3 a6 6. Bg5 e6 7. f4 Be7 8. Qf3 Nbd7 9. 0-0-0 Qc7 10. g4 h6 11. Bxf6 gxf6 12. Bd3 Nc5 13. Kb1 Bd7 14. h4 0-0-0 15. f5 Nxd3 16. Rxd3 Kb8 17. Nce2 Rde8 18. Rc3 Qa5 19. Rd1 Qe5 20. Nf4 Rhg8 21. Rb3 Ka8 22. h5 Rg7 23. fxe6 fxe6 24. Ng6 Qg5 25. Rf1 Rf7 26. e5 d5 27. Qf4 Qxf4 28. Rxf4 Rh7 29. exf6 Rf7 30. fxe7 Rxf4 31. Nxf4 Rxe7 32. Ng6 Rf7 33. Rf3 1-0

[Event "POL-chT U19 44th"]
[Site "Karpacz"]
[Date "2013.07.25"]
[Round "4"]
[White "Choina, Michal"]
[Black "Kasprzyk, Maciej"]
[Result "1-0"]
[WhiteElo "1577"]
[BlackElo "1468"]
[PlyCount "81"]
[EventDate "2013.07.22"]
[EventType "team-tourn"]
[EventRounds "9"]
[EventCountry "POL"]
[SourceTitle "EXT 2014"]
[Source "ChessBase"]
[SourceDate "2013.11.20"]
[SourceVersion "1"]
[SourceVersionDate "2013.11.20"]
[SourceQuality "1"]
[WhiteTeam "Tomaszow Lubelski UKS GIM Dwojka U19"]
[BlackTeam "Trzebinia UKS Hetman Koronny U19"]
[WhiteTeamCountry "POL"]
[BlackTeamCountry "POL"]

1. e4 c5 2. Nf3 d6 3. d4 cxd4 4. Nxd4 Nf6 5. Nc3 a6 6. Be2 e5 7. Nb3 Be7 8. Be3 Be6 9. Bf3 0-0 10. 0-0 Nbd7 11. h3 Rc8 12. Qd2 Nb6 13. Bxb6 Qxb6 14. Rad1 Rfd8 15. Rfe1 Qc7 16. Qe2 Qc4 17. Qxc4 Rxc4 18. Rd2 Ne8 19. Red1 Rdc8 20. Bg4 Nf6 21. Bf3 b6 22. Be2 Rxc3 23. bxc3 Nxe4 24. Bxa6 Rxc3 25. Re2 Nc5 26. Nxc5 bxc5 27. Rd3 Rxd3 28. cxd3 f5 29. a4 Bd8 30. Bc4 Kf7 31. Bxe6+ Kxe6 32. Rb2 Kd7 33. Rb7+ Bc7 34. a5 Kc6 35. a6 g6 36. Kf1 h6 37. Ke2 g5 38. g4 fxg4 39. hxg4 d5 40. f3 Kd7 41. a7 1-0

[Event "POL-chT U19 44th"]
[Site "Karpacz"]
[Date "2013.07.22"]
[Round "2"]
[White "Choina, Michal"]
[Black "Klementowski, Dawid"]
[Result "1/2-1/2"]
[WhiteElo "1577"]
[BlackElo "1712"]
[PlyCount "104"]
[EventDate "2013.07.22"]
[EventType "team-tourn"]
[EventRounds "9"]
[EventCountry "POL"]
[SourceTitle "EXT 2014"]
[Source "ChessBase"]
[SourceDate "2013.11.20"]
[SourceVersion "1"]
[SourceVersionDate "2013.11.20"]
[SourceQuality "1"]
[WhiteTeam "Tomaszow Lubelski UKS GIM Dwojka U19"]
[BlackTeam "Rybnik MKSz U19"]
[WhiteTeamCountry "POL"]
[BlackTeamCountry "POL"]

1. e4 c5 2. Nf3 Nf6 3. Nc3 Nc6 4. d4 d5 5. exd5 Nxd5 6. Nxd5 Qxd5 7. Be3 cxd4 8. Nxd4 e5 9. Nxc6 Qxc6 10. Qd3 Bd7 11. 0-0-0 Be7 12. Qd5 Rc8 13. Qxc6 Bxc6 14. Bxa7 Ra8 15. Bb6 Rxa2 16. Kb1 Ra8 17. f3 0-0 18. Bc4 Ra4 19. Bb3 Ra6 20. Be3 Kh8 21. Rhg1 f5 22. Bd5 Rfa8 23. c3 Bf6 24. Bxc6 bxc6 25. Kc2 Rb8 26. Ra1 Rxa1 27. Rxa1 h6 28. Ra7 Rc8 29. Bc5 Bg5 30. g3 Kh7 31. h4 Bf6 32. Be7 Kg6 33. Bxf6 Kxf6 34. Kd3 g5 35. h5 g4 36. fxg4 fxg4 37. Ke4 Re8 38. b4 Kg5 39. Ra6 Rc8 40. Kxe5 Kxh5 41. Kd6 Rd8+ 42. Kxc6 Rc8+ 43. Kb7 Rxc3 44. Ra5+ Kg6 45. b5 Rxg3 46. b6 Rb3 47. Kc7 g3 48. b7 g2 49. Ra1 Rc3+ 50. Kd8 Rd3+ 51. Kc7 Rc3+ 52. Kd8 Rd3+ 1/2-1/2

[Event "POL Olympiad U14"]
[Site "Walbrzych"]
[Date "2013.??.??"]
[Round "2.9"]
[White "Bilczewski, Kacper"]
[Black "Choina, Michal"]
[Result "1/2-1/2"]
[WhiteElo "1791"]
[BlackElo "1575"]
[PlyCount "88"]
[EventDate "2013.04.??"]
[EventType "team-swiss"]
[EventRounds "9"]
[EventCountry "POL"]
[SourceTitle "EXT 2014"]
[Source "ChessBase"]
[SourceDate "2013.11.20"]
[SourceVersion "1"]
[SourceVersionDate "2013.11.20"]
[SourceQuality "1"]

1. e4 c6 2. d4 d5 3. Nc3 dxe4 4. Nxe4 Bf5 5. Ng3 Bg6 6. Nh3 h6 7. Nf4 Bh7 8. Bd3 Qxd4 9. Be3 Qd8 10. Qe2 Bxd3 11. Nxd3 Nd7 12. 0-0-0 Qa5 13. Kb1 Ngf6 14. Bf4 e6 15. Bd2 Qc7 16. Nf5 0-0-0 17. Bf4 Qb6 18. Nd6+ Bxd6 19. Bxd6 c5 20. Bg3 Nd5 21. Ka1 f6 22. c4 Ne7 23. f4 Nf5 24. Bf2 Nd4 25. Bxd4 cxd4 26. c5 Qa6 27. Qc2 Nb8 28. b4 Qc6 29. Rb1 a6 30. a4 Kd7 31. b5 axb5 32. axb5 Qc7 33. Qc4 Qa5+ 34. Kb2 Qc3+ 35. Qxc3 dxc3+ 36. Kxc3 Ke7 37. Rhe1 Rd5 38. Re3 Kf7 39. Rbe1 Rhd8 40. g3 R8d7 41. Rc1 Rc7 42. Kb3 Nd7 43. Kb4 Rd4+ 44. Kb3 Rd5 1/2-1/2

[Event "POL Olympiad U14"]
[Site "Walbrzych"]
[Date "2013.??.??"]
[Round "3.7"]
[White "Choina, Michal"]
[Black "Adamczewski, Maciej"]
[Result "1/2-1/2"]
[WhiteElo "1575"]
[BlackElo "1810"]
[PlyCount "119"]
[EventDate "2013.04.??"]
[EventType "team-swiss"]
[EventRounds "9"]
[EventCountry "POL"]
[SourceTitle "EXT 2014"]
[Source "ChessBase"]
[SourceDate "2013.11.20"]
[SourceVersion "1"]
[SourceVersionDate "2013.11.20"]
[SourceQuality "1"]

1. e4 e6 2. d4 d5 3. exd5 exd5 4. Nc3 Bb4 5. Bd2 Ne7 6. a3 Bd6 7. Bd3 Nbc6 8. Nge2 Bg4 9. h3 Bh5 10. Be3 f5 11. Qd2 Rf8 12. Bf4 h6 13. Bb5 g5 14. Bxd6 Qxd6 15. f4 0-0-0 16. fxg5 Bxe2 17. Nxe2 hxg5 18. Bxc6 Qxc6 19. Qxg5 Qxc2 20. Rc1 Qe4 21. Qf4 Nc6 22. Qxe4 dxe4 23. Rc4 Rd5 24. 0-0 Rfd8 25. b4 a5 26. Rc5 axb4 27. axb4 Nxd4 28. Nxd4 Rxd4 29. Rcxf5 Rxb4 30. Rf8 Rxf8 31. Rxf8+ Kd7 32. Kf2 Rb2+ 33. Ke3 Rxg2 34. Kxe4 b5 35. Kd4 Rg5 36. Rf3 Rh5 37. Kc3 Rh4 38. Rg3 c5 39. Rd3+ Kc6 40. Rg3 b4+ 41. Kb3 Kb5 42. Rf3 c4+ 43. Kb2 Ka4 44. Rf8 Rxh3 45. Ra8+ Kb5 46. Rb8+ Kc5 47. Rc8+ Kd4 48. Rd8+ Ke4 49. Re8+ Kd3 50. Rd8+ Ke2 51. Rd4 Rc3 52. Rh4 Kf2 53. Rd4 Ke3 54. Rh4 Kd3 55. Rh3+ Kd2 56. Rh2+ Kd3 57. Rh3+ Kd4 58. Rxc3 bxc3+ 59. Kc2 Kc5 60. Kxc3 1/2-1/2

[Event "POL Olympiad U14"]
[Site "Walbrzych"]
[Date "2013.??.??"]
[Round "1.15"]
[White "Choina, Michal"]
[Black "Janiszewski, Filip"]
[Result "1-0"]
[WhiteElo "1575"]
[BlackElo "1745"]
[PlyCount "89"]
[EventDate "2013.04.??"]
[EventType "team-swiss"]
[EventRounds "9"]
[EventCountry "POL"]
[SourceTitle "EXT 2014"]
[Source "ChessBase"]
[SourceDate "2013.11.20"]
[SourceVersion "1"]
[SourceVersionDate "2013.11.20"]
[SourceQuality "1"]

1. e4 c5 2. Nf3 d6 3. d4 cxd4 4. Nxd4 Nf6 5. Nc3 a6 6. Bg5 e6 7. Qd2 Be7 8. f3 Nc6 9. 0-0-0 Bd7 10. Bxf6 gxf6 11. Kb1 h5 12. Nb3 b5 13. Nd4 Qb8 14. Nxc6 Bxc6 15. Bd3 b4 16. Ne2 a5 17. Nd4 Bd7 18. Qe2 a4 19. Bb5 Ra5 20. Bxd7+ Kxd7 21. f4 Rc8 22. Rd3 Qb6 23. Nf3 Ke8 24. h3 Qa6 25. Rd2 Qa7 26. Rc1 Rac5 27. Qd1 Qa6 28. Qe2 Qc6 29. Nd4 Qb6 30. Nf3 f5 31. e5 d5 32. Ng5 b3 33. a3 Rc4 34. Qxh5 Rxc2 35. Qxf7+ Kd7 36. Rdxc2 bxc2+ 37. Ka1 Rc6 38. Nh7 Qc7 39. Nf8+ Kc8 40. Nxe6 Qa7 41. Qe8+ Kb7 42. Qxe7+ Kb6 43. Qb4+ Ka6 44. Qxa4+ Kb7 45. Nd8+ 1-0

[Event "POL-chT U19 1st League"]
[Site "Suchedniow"]
[Date "2012.07.??"]
[Round "3"]
[White "Niekras, Dawid"]
[Black "Choina, Michal"]
[Result "1/2-1/2"]
[WhiteElo "1912"]
[BlackElo "1558"]
[PlyCount "79"]
[EventDate "2012.07.21"]
[EventType "team-swiss"]
[EventRounds "9"]
[EventCountry "POL"]
[SourceTitle "EXT 2014"]
[Source "ChessBase"]
[SourceDate "2013.11.20"]
[SourceVersion "1"]
[SourceVersionDate "2013.11.20"]
[SourceQuality "1"]
[WhiteTeam "Trzebinia UKS Hetman Koronny U19"]
[BlackTeam "Kielce KMKSz Victoria U19"]
[WhiteTeamCountry "POL"]
[BlackTeamCountry "POL"]

1. e4 c5 2. Nf3 e6 3. d4 cxd4 4. Nxd4 a6 5. Bd3 Nf6 6. Nc3 d6 7. 0-0 g6 8. Qe2 Nbd7 9. Kh1 Bg7 10. f4 0-0 11. Nb3 Qc7 12. Be3 b6 13. Rad1 Bb7 14. Nd2 Rfd8 15. a4 Nc5 16. Bd4 Nfxe4 17. Bxg7 Nxd2 18. Qxd2 Kxg7 19. f5 Nxd3 20. f6+ Kf8 21. Qh6+ Ke8 22. Rxd3 Kd7 23. Qxh7 Kc8 24. Nb5 Bxg2+ 25. Kxg2 Qxc2+ 26. Kg3 Qxd3+ 27. Rf3 Qd5 28. Rc3+ Kb8 29. Qxf7 Qe5+ 30. Kf3 d5 31. Rc6 Qf5+ 32. Ke2 Qe4+ 33. Kd2 Qf4+ 34. Ke2 Qe4+ 35. Kd2 Qf4+ 36. Ke2 Qe4+ 37. Kf2 Qf4+ 38. Ke2 Qe4+ 39. Kd2 Qf4+ 40. Kc2 1/2-1/2

[Event "POL-chT U19 1st League"]
[Site "Suchedniow"]
[Date "2012.07.??"]
[Round "7"]
[White "Sernecki, Franciszek"]
[Black "Choina, Michal"]
[Result "1/2-1/2"]
[WhiteElo "1601"]
[BlackElo "1558"]
[PlyCount "99"]
[EventDate "2012.07.21"]
[EventType "team-swiss"]
[EventRounds "9"]
[EventCountry "POL"]
[SourceTitle "EXT 2014"]
[Source "ChessBase"]
[SourceDate "2013.11.20"]
[SourceVersion "1"]
[SourceVersionDate "2013.11.20"]
[SourceQuality "1"]
[WhiteTeam "Wroclaw MUKS MDK Srodmiescie U19"]
[BlackTeam "Kielce KMKSz Victoria U19"]
[WhiteTeamCountry "POL"]
[BlackTeamCountry "POL"]

1. e4 c5 2. Nf3 d6 3. d4 cxd4 4. Nxd4 a6 5. Nc3 Nf6 6. Bc4 e6 7. a3 g6 8. 0-0 Bg7 9. Re1 0-0 10. Be3 Qc7 11. Bb3 Re8 12. h3 Nbd7 13. Qd2 b6 14. Bg5 Bb7 15. Bxf6 Bxf6 16. Rad1 Rad8 17. Ba2 Bg7 18. Kf1 Qc5 19. Na4 Qxd4 20. Qxd4 Bxd4 21. Rxd4 b5 22. Nc3 Nb6 23. Red1 Nc8 24. a4 Bc6 25. axb5 Bxb5+ 26. Nxb5 axb5 27. c4 bxc4 28. Bxc4 e5 29. R4d2 Nb6 30. Ba2 Nc8 31. b4 Re7 32. Rd5 Rb7 33. b5 Rb6 34. Rxe5 Kf8 35. Red5 Ne7 36. R5d2 Rxb5 37. Rxd6 Rxd6 38. Rxd6 Rc5 39. Bd5 Nxd5 40. Rxd5 Rxd5 41. exd5 Ke7 42. Ke2 Kd6 43. Ke3 Kxd5 44. Kd3 g5 45. Ke3 h6 46. Kf3 f5 47. g4 f4 48. Ke2 Kc4 49. Kd2 Kd4 50. f3 1/2-1/2

[Event "Solina Mind Sports U14 op"]
[Site "Solina"]
[Date "2012.04.20"]
[Round "8"]
[White "Pietras, Daniel"]
[Black "Choina, Michal"]
[Result "1/2-1/2"]
[WhiteElo "1455"]
[BlackElo "1553"]
[PlyCount "107"]
[EventDate "2012.04.15"]
[EventType "swiss"]
[EventRounds "9"]
[EventCountry "POL"]
[SourceTitle "EXT 2014"]
[Source "ChessBase"]
[SourceDate "2013.11.20"]
[SourceVersion "1"]
[SourceVersionDate "2013.11.20"]
[SourceQuality "1"]

1. e4 c5 2. Nf3 e6 3. d4 cxd4 4. Nxd4 a6 5. Bd3 Nf6 6. c4 Qc7 7. 0-0 Bc5 8. Nb3 Ba7 9. Qe2 d6 10. Be3 Bxe3 11. Qxe3 Nc6 12. N1d2 0-0 13. f4 Ng4 14. Qg3 f5 15. Rae1 Na5 16. exf5 exf5 17. h3 Nf6 18. Re2 Nxb3 19. Nxb3 Bd7 20. Rfe1 Rae8 21. Kh1 Qb6 22. Qg5 Rxe2 23. Rxe2 Ne8 24. c5 Qb4 25. Re7 Bc8 26. cxd6 Qxd6 27. Bc4+ Kh8 28. Re5 Nf6 29. Kh2 b5 30. Be2 h6 31. Qg3 Nd7 32. Re3 Nc5 33. Nxc5 Qxc5 34. Rc3 Qb6 35. Qe3 Qf6 36. Bf3 Kh7 37. Kh1 Qf7 38. b3 Bb7 39. Bxb7 Qxb7 40. Qe5 Rf7 41. Rc5 Qd7 42. Qd5 Qxd5 43. Rxd5 Rf6 44. Kg1 h5 45. h4 g6 46. Rd7+ Kh6 47. Ra7 Rc6 48. Kh2 Rd6 49. Kh3 Rc6 50. Kh2 Re6 51. Kg3 Rc6 52. Kh2 Rd6 53. Kh3 Rd3+ 54. Kh2 1/2-1/2

[Event "Solina Mind Sports U14 op"]
[Site "Solina"]
[Date "2012.04.19"]
[Round "7"]
[White "Choina, Michal"]
[Black "Wrobel, Michal"]
[Result "0-1"]
[WhiteElo "1553"]
[BlackElo "1480"]
[PlyCount "146"]
[EventDate "2012.04.15"]
[EventType "swiss"]
[EventRounds "9"]
[EventCountry "POL"]
[SourceTitle "EXT 2014"]
[Source "ChessBase"]
[SourceDate "2013.11.20"]
[SourceVersion "1"]
[SourceVersionDate "2013.11.20"]
[SourceQuality "1"]

1. e4 e6 2. d4 d5 3. exd5 exd5 4. Nf3 Bd6 5. Nc3 Ne7 6. Be3 Nbc6 7. a3 Bg4 8. Be2 Qd7 9. h3 Bf5 10. Qd2 f6 11. Nb5 g5 12. Nxd6+ Qxd6 13. Nh2 Ng6 14. Nf1 0-0-0 15. Ng3 Bd7 16. 0-0-0 Rde8 17. Bd3 Rhf8 18. Bxg6 hxg6 19. Nf1 Rh8 20. f4 Bg4 21. Re1 gxf4 22. Bf2 Rxe1+ 23. Bxe1 Bf5 24. Nh2 g5 25. Rf1 Bg6 26. Bf2 Be4 27. Bg1 Ne7 28. Nf3 Nf5 29. Kb1 Ng3 30. Rf2 Nf5 31. Rf1 Ng3 32. Rf2 Bxf3 33. Rxf3 Ne4 34. Qd3 Qb6 35. Ka2 Qa5 36. Rf1 Re8 37. Rd1 c6 38. c3 Qb6 39. Qf3 Qc7 40. Qg4+ Qd7 41. Qf3 Ng3 42. Bf2 Ne4 43. Bg1 Qe6 44. Bh2 Nd6 45. Rd2 Qe1 46. Rc2 Qh1 47. Bxf4 gxf4 48. Qxf4 Ne4 49. g4 Qxh3 50. Rh2 Qg3 51. Qf5+ Kb8 52. Rh7 Ka8 53. a4 Qf2 54. Qe6 Rb8 55. Rxb7 Kxb7 56. Qd7+ Kb6 57. a5+ Kb5 58. Qxa7 Qh2 59. Ka3 Qd6+ 60. Kb3 c5 61. Ka2 Kc4 62. Qh7 Nxc3+ 63. bxc3 Qf4 64. Qc2 cxd4 65. cxd4+ Kxd4 66. a6 Qd6 67. Qd2+ Kc5 68. Qf2+ d4 69. Qc2+ Kd5 70. Qf5+ Kc6 71. Qc2+ Kd7 72. Qh7+ Qe7 73. Qc2 Qe6+ 0-1

[Event "Solina Mind Sports U14 op"]
[Site "Solina"]
[Date "2012.04.17"]
[Round "3"]
[White "Walter, Szymon"]
[Black "Choina, Michal"]
[Result "1-0"]
[WhiteElo "1741"]
[BlackElo "1553"]
[PlyCount "147"]
[EventDate "2012.04.15"]
[EventType "swiss"]
[EventRounds "9"]
[EventCountry "POL"]
[SourceTitle "EXT 2014"]
[Source "ChessBase"]
[SourceDate "2013.11.20"]
[SourceVersion "1"]
[SourceVersionDate "2013.11.20"]
[SourceQuality "1"]

1. e4 c6 2. d4 d5 3. exd5 cxd5 4. c4 e6 5. Nc3 Bb4 6. Nf3 Nc6 7. Be2 h6 8. 0-0 Bxc3 9. bxc3 Nf6 10. Ba3 Ne7 11. cxd5 Nfxd5 12. Bb5+ Bd7 13. Bxd7+ Qxd7 14. Ne5 Qc7 15. Qa4+ Nc6 16. Nxc6 Qxc6 17. Qxc6+ bxc6 18. Rab1 Nxc3 19. Rb7 Nb5 20. Re7+ Kd8 21. Bc5 Rc8 22. Rxf7 Rc7 23. Rf3 Rd7 24. Rb1 Kc7 25. Rfb3 a6 26. a4 Nd6 27. f3 Ra8 28. Re3 Re8 29. Rc3 Rb8 30. Rxb8 Kxb8 31. Re3 Nc4 32. Rxe6 Kb7 33. Rg6 Rf7 34. Kf2 Nb2 35. a5 Nd3+ 36. Ke3 Nxc5 37. dxc5 Kc7 38. Kd4 Rd7+ 39. Ke4 Re7+ 40. Kf5 Kd7 41. Rd6+ Kc7 42. Re6 Rd7 43. Rg6 Re7 44. h4 Kb7 45. Re6 Rd7 46. Kg6 Rd5 47. Re7+ Kb8 48. Rxg7 Rxc5 49. Kxh6 Rxa5 50. h5 Rd5 51. g4 c5 52. Rg5 Rd6+ 53. Rg6 Kc7 54. Rxd6 Kxd6 55. Kg6 c4 56. h6 c3 57. h7 c2 58. h8Q c1Q 59. Qd8+ Ke6 60. Qe8+ Kd6 61. f4 a5 62. Qd8+ Ke6 63. f5+ Ke5 64. g5 a4 65. Qa5+ Kd6 66. Qxa4 Kc7 67. Qa7+ Kc8 68. Qf7 Qc2 69. Qe8+ Kc7 70. Qe5+ Kc8 71. Kg7 Qd3 72. f6 Qd7+ 73. f7 Kb7 74. Kg8 1-0